[Event "European Blitz 2022"]
[Site "Katowice POL"]
[Date "2022.12.16"]
[Round "5.69"]
[White "Batsiashvili, Nino"]
[Black "Raczek, Krzysztof"]
[Result "0-1"]
[WhiteTitle "GM"]
[WhiteElo "2493"]
[BlackElo "2161"]
[WhiteFideId "13602993"]
[BlackFideId "21005303"]
[EventDate "2022.12.16"]

1. d4 Nf6 2. Nf3 d6 3. g3 g6 4. Bg2 Bg7 5. O-O O-O 6. b3 e5 7. dxe5 Ng4 8. Bb2
Nc6 9. c4 Re8 10. Nc3 Ngxe5 11. Nxe5 Nxe5 12. Qd2 Rb8 13. Rad1 Bd7 14. Nd5 Bc6
15. Rfe1 Nd7 16. Bxg7 Kxg7 17. Qc3+ Kg8 18. Rc1 Bxd5 19. cxd5 Rc8 20. h3 a6 21.
e4 Qf6 22. Qxf6 Nxf6 23. f4 Kg7 24. e5 dxe5 25. fxe5 Nd7 26. e6 Nf6 27. d6 cxd6
28. Rxc8 Rxc8 29. Bxb7 Re8 30. e7 Ng8 31. Bxa6 Nxe7 32. Bc4 Kf8 33. a4 d5 34.
Bb5 Rb8 35. Kf2 h5 36. Rc1 Nf5 37. Rd1 Rd8 38. b4 Ke7 39. Bd3 Nd6 40. a5 Rb8 41.
Rb1 Kd7 42. b5 Kc7 43. b6+ Kc6 44. Bb5+ Nxb5 45. Rc1+ Kd6 46. Rb1 Nc3 47. Ra1
Ne4+ 48. Ke3 Nc5 49. Ra3 Kc6 50. Kd4 Ne6+ 51. Ke5 Kb7 52. Kf6 d4 53. Kxf7 Nc5
54. Kxg6 d3 55. Ra2 Nb3 56. a6+ Kxb6 57. Ra3 Ka7 58. Ra1 Nxa1 0-1

[Event "European Blitz 2022"]
[Site "Katowice POL"]
[Date "2022.12.16"]
[Round "5.70"]
[White "Cramling, Pia"]
[Black "Kastelik, Adrian"]
[Result "1-0"]
[WhiteTitle "GM"]
[WhiteElo "2463"]
[BlackElo "2091"]
[WhiteFideId "1700030"]
[BlackFideId "1134701"]
[EventDate "2022.12.16"]

1. d4 d5 2. c4 c6 3. Nf3 Nf6 4. Qb3 dxc4 5. Qxc4 Bf5 6. g3 e6 7. Bg2 Qd5 8. Nbd2
Na6 9. a3 Be7 10. O-O O-O 11. Ne5 Qxc4 12. Ndxc4 Rfd8 13. e3 Nd7 14. g4 Nxe5 15.
Nxe5 Bc2 16. Bd2 f6 17. Nc4 Bd3 18. Rfc1 Bxc4 19. Rxc4 Nc7 20. Ba5 Rd7 21. Rac1
Nd5 22. h3 Kf7 23. Bd2 Rh8 24. f4 g6 25. Bf3 Bd6 26. Kf2 a6 27. R4c2 Re8 28. h4
e5 29. dxe5 fxe5 30. f5 gxf5 31. gxf5 Kf6 32. Be4 Ne7 33. Rf1 Rg8 34. Kf3 Rdd8
35. Be1 h5 36. Rg2 Rxg2 37. Kxg2 Rg8+ 38. Kf3 Rg4 39. Bf2 Nxf5 40. Rd1 Bb8 41.
Rd8 Nxh4+ 42. Bxh4+ Rxh4 43. Rf8+ Kg5 44. Rg8+ Kf6 45. Rxb8 Rh3+ 46. Ke2 Rh2+
47. Kf3 Rxb2 48. Bxc6 Rb3 49. a4 b6 50. Ra8 a5 51. Bb5 Kg5 52. Rg8+ Kf6 53. Rb8
Kg5 54. Rxb6 Kh4 55. Rg6 Rb4 56. Re6 Kh3 57. Rxe5 h4 58. Rh5 Rb1 59. Bd7+ Kh2
60. Rxh4+ Kg1 61. Bb5 Rb2 62. Rh8 Rf2+ 63. Ke4 1-0

[Event "European Blitz 2022"]
[Site "Katowice POL"]
[Date "2022.12.16"]
[Round "5.71"]
[White "Haydon, David L"]
[Black "Koscielski, Janusz"]
[Result "0-1"]
[WhiteTitle "FM"]
[BlackTitle "FM"]
[WhiteElo "2289"]
[BlackElo "2260"]
[WhiteFideId "415405"]
[BlackFideId "4614437"]
[EventDate "2022.12.16"]

1. Nf3 Nf6 2. c4 g6 3. g3 Bg7 4. Bg2 O-O 5. O-O d6 6. d4 c6 7. Nc3 Bf5 8. b3 Ne4
9. Bb2 Nxc3 10. Bxc3 Be4 11. Qd2 e6 12. Rac1 d5 13. Rfd1 Nd7 14. Qe3 Re8 15. Ne5
Bxg2 16. Kxg2 Nxe5 17. dxe5 Qb6 18. Bd4 Qa5 19. cxd5 exd5 20. f4 f6 21. Rc5 Qc7
22. Qc3 fxe5 23. fxe5 Bxe5 24. e3 Qg7 25. Rd2 Re7 26. Qd3 Bxd4 27. exd4 Rae8 28.
Rcc2 Re3 29. Qf1 Qe7 30. Qf4 Qe4+ 31. Qxe4 R8xe4 32. Kf2 a6 33. Rb2 Rc3 34. Rd1
Kg7 35. Rbd2 Rce3 36. Kf1 Rf3+ 37. Kg2 Rf6 38. Rc2 g5 39. Rcd2 g4 40. Rc2 Kg6
41. Rcd2 h5 42. Rc2 Rfe6 43. Rdd2 Re1 44. Rf2 Rf6 45. Rcd2 Rfe6 46. Rc2 Ra1 47.
Rfd2 Ree1 48. Kf2 Kf5 49. Rd3 Rh1 50. Ke3 Raf1 51. Re2 Rd1 52. Rf2+ Ke6 53. Rxd1
Rxd1 54. Re2 Rf1 55. Kd3+ Kd6 56. Re5 Rf3+ 57. Ke2 h4 58. gxh4 Rh3 59. h5 Rxh2+
60. Ke3 Rxa2 61. Rg5 Rh2 62. Kf4 Rh4 63. Kg3 Rh1 64. Kxg4 a5 65. Kf5 b5 66. Kg6
a4 67. bxa4 bxa4 68. h6 a3 69. Rh5 Rxh5 70. Kxh5 a2 71. h7 a1=Q 72. h8=Q Qh1+ 0-1

[Event "European Blitz 2022"]
[Site "Katowice POL"]
[Date "2022.12.16"]
[Round "5.72"]
[White "Dubnevych, Maksym"]
[Black "Kacprzak, Kacper"]
[Result "0-1"]
[WhiteElo "2139"]
[BlackElo "2289"]
[WhiteFideId "14184001"]
[BlackFideId "21819319"]
[EventDate "2022.12.16"]

1. d4 Nf6 2. Nc3 d5 3. Bf4 a6 4. e3 e6 5. Nf3 c5 6. Ne5 Nc6 7. Be2 Bd6 8. O-O
Qc7 9. Nxc6 Qxc6 10. dxc5 Bxf4 11. exf4 Qxc5 12. Na4 Qc7 13. Qd4 O-O 14. c4 dxc4
15. Nb6 Rb8 16. Nxc4 b5 17. Ne5 Rd8 18. Rac1 Qa5 19. Nc6 Rxd4 20. Nxa5 Bd7 21.
Rfd1 Ra4 22. b4 Rxa2 23. Bf3 Rb2 24. Rc7 Be8 25. Bb7 Rxb4 26. Bxa6 Ra4 27. Nc6
Bxc6 28. Rxc6 Nd5 29. Bxb5 Rb4 30. Bc4 Nxf4 31. g3 Ng6 32. Rc5 h6 33. Kg2 Rb1
34. Rxb1 Rxb1 35. Rc8+ Kh7 36. Bd3 Rb7 37. h4 h5 38. Be2 Kh6 39. Bd3 f5 40. Re8
Re7 41. Rd8 Ne5 42. Rh8+ Kg6 43. Be2 Ng4 44. f3 Nf6 45. Rd8 Rc7 46. Rd2 Nd5 0-1

[Event "European Blitz 2022"]
[Site "Katowice POL"]
[Date "2022.12.16"]
[Round "5.73"]
[White "Bartel, Michal"]
[Black "Adamczewski, Jedrzej"]
[Result "1-0"]
[WhiteTitle "FM"]
[WhiteElo "2250"]
[BlackElo "1938"]
[WhiteFideId "1119257"]
[BlackFideId "1135414"]
[EventDate "2022.12.16"]

1. e4 c5 2. Ne2 Nc6 3. g3 g6 4. Bg2 Bg7 5. c3 Nf6 6. d4 cxd4 7. cxd4 d5 8. e5
Nd7 9. Bxd5 Nb6 10. Bg2 O-O 11. Nbc3 Bg4 12. h3 Bxe2 13. Nxe2 Rc8 14. O-O e6 15.
a3 Qd7 16. b3 Ne7 17. Bb2 Nbd5 18. Qd2 Nf5 19. g4 Bh6 20. Qd3 Nh4 21. Be4 Nf4
22. Nxf4 Bxf4 23. Bc1 Bxc1 24. Raxc1 h6 25. d5 exd5 26. Qxd5 Qe7 27. Qd6 Qg5 28.
f4 Qd8 29. Qxd8 Rfxd8 30. Rxc8 Rxc8 31. Bxb7 Rc3 32. Bd5 Rxh3 33. Kf2 g5 34.
fxg5 hxg5 35. Ke2 Rh2+ 36. Kd3 Rh3+ 37. Kc4 Rg3 38. Rxf7 Rxg4+ 39. Rf4+ 1-0

[Event "European Blitz 2022"]
[Site "Katowice POL"]
[Date "2022.12.16"]
[Round "5.74"]
[White "Haug, Havard"]
[Black "Kondys, Piotr"]
[Result "1-0"]
[WhiteElo "2044"]
[BlackElo "1905"]
[WhiteFideId "1547887"]
[BlackFideId "21885575"]
[EventDate "2022.12.16"]

1. e4 e5 2. Nc3 Nf6 3. Bc4 Nxe4 4. Qh5 Nd6 5. Bb3 Be7 6. Qxe5 O-O 7. d4 Bf6 8.
Qf4 Nc6 9. Nge2 b6 10. Nd5 Ba6 11. Nxf6+ Qxf6 12. Qxf6 gxf6 13. Be3 Rfe8 14. c3
Ne7 15. Ng3 Nef5 16. Nxf5 Nxf5 17. Kd2 Bb7 18. Rhg1 Nh4 19. f3 Re7 20. Bf2 Ng6
21. Rae1 Rae8 22. Bg3 d6 23. Ba4 Rxe1 24. Rxe1 Rxe1 25. Kxe1 Kf8 26. Kd2 Ke7 27.
Ke3 f5 28. Bf4 Kf6 29. g3 h5 30. h4 Bd5 31. a3 Nf8 32. Bc2 Ne6 33. b3 Bb7 34. c4
d5 35. Be5+ Kg6 36. g4 hxg4 37. fxg4 Kh6 38. Bxf5 Nf8 39. Bxc7 Kg7 40. Bd6 Ne6
41. Bxe6 fxe6 42. c5 bxc5 43. Bxc5 Kf6 44. Kf4 Ba6 45. Bxa7 Be2 46. h5 Bd1 47.
g5+ Kg7 48. h6+ Kg6 49. b4 Ba4 50. Bb8 Be8 51. Be5 Bb5 52. Bf6 Be8 53. Ke5 1-0

[Event "European Blitz 2022"]
[Site "Katowice POL"]
[Date "2022.12.16"]
[Round "5.75"]
[White "Wikar, Martyna"]
[Black "Adams, Michael"]
[Result "1-0"]
[WhiteTitle "WFM"]
[BlackTitle "GM"]
[WhiteElo "2185"]
[BlackElo "2688"]
[WhiteFideId "21807663"]
[BlackFideId "400041"]
[EventDate "2022.12.16"]

1. e4 e5 2. Nf3 Nc6 3. Bc4 Bc5 4. O-O d6 5. c3 Nf6 6. d3 a5 7. a4 h6 8. Be3 Bxe3
9. fxe3 O-O 10. Nbd2 Ne7 11. Qe1 Ng6 12. d4 Qe7 13. Nh4 Be6 14. Nxg6 fxg6 15.
dxe5 dxe5 16. Qg3 Bxc4 17. Nxc4 g5 18. Qxe5 Qxe5 19. Nxe5 Rfe8 20. Nd3 Nxe4 21.
Rf5 b6 22. Nf2 Nd6 23. Rf3 Nc4 24. Rd1 Re7 25. b3 Nxe3 26. Re1 Rae8 27. Nd3 1-0

[Event "European Blitz 2022"]
[Site "Katowice POL"]
[Date "2022.12.16"]
[Round "5.76"]
[White "Urh, Zala"]
[Black "Grandelius, Nils"]
[Result "0-1"]
[WhiteTitle "WIM"]
[BlackTitle "GM"]
[WhiteElo "2282"]
[BlackElo "2660"]
[WhiteFideId "14611481"]
[BlackFideId "1710400"]
[EventDate "2022.12.16"]

1. d4 d5 2. Nf3 e6 3. Bf4 c5 4. e3 Qb6 5. Nc3 Bd7 6. Rb1 Nf6 7. dxc5 Bxc5 8. Bd3
O-O 9. O-O Be7 10. Ne5 Nc6 11. Nxd7 Nxd7 12. e4 dxe4 13. Nxe4 Rad8 14. Qh5 g6
15. Qh6 Nf6 16. Ng5 Rfe8 17. Be3 Qc7 18. Qh3 Bf8 19. Rbe1 Bg7 20. Bd2 Rd5 21.
Nf3 Nd7 22. Bc1 Nb4 23. Be4 Rh5 24. Qg3 Qxg3 25. hxg3 Nxa2 26. Bd2 Bxb2 27. Rb1
Bc3 28. Rxb7 Nc5 29. Rxa7 Nxe4 30. Be3 Ra5 31. Rc7 Bg7 32. c4 Nac3 33. g4 h6 34.
c5 Nd5 35. Rc6 Nxe3 0-1

[Event "European Blitz 2022"]
[Site "Katowice POL"]
[Date "2022.12.16"]
[Round "5.77"]
[White "Quilter, Thomas A"]
[Black "Mastrovasilis, Dimitrios"]
[Result "0-1"]
[WhiteTitle "CM"]
[BlackTitle "GM"]
[WhiteElo "2162"]
[BlackElo "2605"]
[WhiteFideId "408530"]
[BlackFideId "4202694"]
[EventDate "2022.12.16"]

1. e4 d5 2. exd5 Qxd5 3. Nc3 Qd6 4. d4 Nf6 5. Bc4 a6 6. Bb3 Nc6 7. Nge2 Bf5 8.
Bf4 Qd7 9. Qd2 e6 10. a3 Be7 11. O-O-O O-O-O 12. Qe3 Rhe8 13. h3 Nd5 14. Nxd5
exd5 15. Qg3 g5 16. Be3 Na5 17. Ba2 Qc6 18. Rd2 f6 19. h4 h6 20. hxg5 hxg5 21.
f4 Bd6 22. Qf2 g4 23. Rh5 Be4 24. Nc3 Nc4 25. Nxe4 Rxe4 26. Bxc4 Qxc4 27. Rd3
Qa2 28. Rb3 Rde8 29. Rxd5 Qa1+ 30. Kd2 g3 31. Qf3 Bxf4 32. Bxf4 Qe1+ 33. Kd3 f5
34. Re5 R8xe5 35. dxe5 c5 36. Bd2 c4+ 37. Kc3 Qg1 38. Qxf5+ Kb8 39. Qxe4 cxb3
40. cxb3 Qf2 41. Bf4 Kc8 42. e6 Kd8 43. e7+ Ke8 44. Bd6 Qf6+ 45. Qe5 Qh6 46. Qd5
Qc1+ 47. Kd4 Qd2+ 48. Ke5 Qxb2+ 49. Ke6 Qe2+ 50. Be5 Qg4+ 51. Kf6 Qh4+ 52. Kf5
Qh5+ 53. Ke4 Qe2+ 54. Kd4 Qd2+ 55. Kc5 Qa5+ 56. Kd6 Qb6+ 0-1

[Event "European Blitz 2022"]
[Site "Katowice POL"]
[Date "2022.12.16"]
[Round "5.78"]
[White "Dzierzak, Radoslaw"]
[Black "Kosteniuk, Alexandra"]
[Result "1-0"]
[WhiteTitle "FM"]
[BlackTitle "GM"]
[WhiteElo "2211"]
[BlackElo "2520"]
[WhiteFideId "1161407"]
[BlackFideId "4128125"]
[EventDate "2022.12.16"]

1. e4 c6 2. Nf3 d5 3. Nc3 dxe4 4. Nxe4 Nf6 5. Qe2 Nxe4 6. Qxe4 Nd7 7. Bc4 Nf6 8.
Ne5 e6 9. Qe2 b5 10. Bb3 Qc7 11. d4 Bd6 12. O-O O-O 13. Bf4 a5 14. c3 c5 15.
dxc5 Qxc5 16. Rad1 Bb7 17. Nd7 Nxd7 18. Bxd6 Qc6 19. f3 Rfd8 20. Be7 Re8 21. Bg5
h6 22. Bh4 Nb6 23. Bc2 Nc4 24. Be4 Qb6+ 25. Bf2 Qc7 26. b3 Bxe4 27. fxe4 Nd6 28.
e5 Nf5 29. Qxb5 Qxc3 30. Rc1 Qb2 31. Rc7 Qxa2 32. g4 Ne7 33. Qb7 Rab8 34. Qa7
Qe2 35. Rxe7 Qxg4+ 36. Kh1 Qe4+ 37. Kg1 Rxe7 38. Qxb8+ Kh7 39. Qb5 Qg4+ 40. Bg3
Qd4+ 41. Bf2 Qg4+ 42. Bg3 Qd4+ 43. Rf2 Qd1+ 44. Kg2 Rd7 45. Qc4 g6 46. Qc6 h5
47. h4 Qd4 48. Qa8 g5 49. Qf8 Qe4+ 50. Kh2 Qg6 51. hxg5 h4 52. Bxh4 Rd4 53.
Rxf7+ 1-0

[Event "European Blitz 2022"]
[Site "Katowice POL"]
[Date "2022.12.16"]
[Round "5.79"]
[White "Sahidi, Samir"]
[Black "Krzywda, Andrzej"]
[Result "1-0"]
[WhiteTitle "IM"]
[BlackTitle "CM"]
[WhiteElo "2494"]
[BlackElo "2262"]
[WhiteFideId "14936372"]
[BlackFideId "1114565"]
[EventDate "2022.12.16"]

1. d4 Nf6 2. c4 c5 3. Nf3 cxd4 4. Nxd4 e6 5. Nc3 Bb4 6. g3 d5 7. Qa4+ Nc6 8.
Nxc6 Bxc3+ 9. bxc3 bxc6 10. Ba3 Ne4 11. cxd5 Qxd5 12. Bg2 f5 13. O-O Kf7 14. c4
Qd7 15. Rad1 Qc7 16. Bxe4 fxe4 17. Bd6 Qb6 18. Qc2 Re8 19. c5 Qa6 20. Qxe4 Kg8
21. Rd4 Qxa2 22. Qxc6 Ba6 23. Ra4 Bb7 24. Qxe8+ Rxe8 25. Rxa2 1-0

[Event "European Blitz 2022"]
[Site "Katowice POL"]
[Date "2022.12.16"]
[Round "5.80"]
[White "Szczurek, Krzysztof"]
[Black "Szpar, Milosz"]
[Result "0-1"]
[WhiteTitle "FM"]
[BlackTitle "IM"]
[WhiteElo "2163"]
[BlackElo "2428"]
[WhiteFideId "1185489"]
[BlackFideId "1184989"]
[EventDate "2022.12.16"]

1. d4 Nf6 2. Nc3 d5 3. Bf4 c5 4. e3 cxd4 5. exd4 Bg4 6. Qd2 Nc6 7. Bb5 Rc8 8. f3
Bd7 9. Nge2 Na5 10. Bd3 e6 11. O-O Nc4 12. Bxc4 Rxc4 13. Nd1 Be7 14. Ne3 Rc8 15.
Bg3 b5 16. Rfc1 Qb6 17. Be1 b4 18. c4 dxc4 19. Nxc4 Qa6 20. Ne5 O-O 21. Nxd7
Nxd7 22. Ng3 Nf6 23. Ne4 Nd5 24. Nc5 Qb5 25. Bf2 h6 26. Qc2 Rc7 27. Qb3 Rfc8 28.
Re1 Nf4 29. Rad1 Ne2+ 30. Kh1 Nxd4 31. Bxd4 Bxc5 32. Be5 Rd7 33. Rc1 Rcd8 34.
Qc2 Bb6 35. Qe4 Bd4 36. Bxd4 Rxd4 37. Qe3 Qd5 38. b3 a5 39. h3 Rd2 40. Rc5 Qd6
41. Rxa5 Qg3 42. Qg1 Rxg2 43. Qxg2 Qxe1+ 44. Qg1 Qe2 45. Qg2 Qd1+ 46. Kh2 Rd2 0-1

[Event "European Blitz 2022"]
[Site "Katowice POL"]
[Date "2022.12.16"]
[Round "5.81"]
[White "Hasterok, Mateusz"]
[Black "Stefanova, Antoaneta"]
[Result "0-1"]
[BlackTitle "GM"]
[WhiteElo "2162"]
[BlackElo "2442"]
[WhiteFideId "21822352"]
[BlackFideId "2902257"]
[EventDate "2022.12.16"]

1. d4 d5 2. c4 e6 3. Nc3 c6 4. e3 f5 5. Bd3 Nf6 6. f3 Bd6 7. Nge2 O-O 8. O-O Kh8
9. e4 fxe4 10. fxe4 dxc4 11. Bxc4 e5 12. Bg5 b5 13. Bb3 exd4 14. Qxd4 Qe7 15.
Kh1 Nbd7 16. Rad1 Be5 17. Qd2 Nc5 18. Nd4 Bb7 19. Nf5 Qc7 20. Qe3 Nxb3 21. axb3
Rae8 22. Rd3 b4 23. Na4 Ba6 24. Nc5 Bxd3 25. Qxd3 Bxh2 26. Ne3 Be5 27. Qc4 a5
28. Nf5 Qf7 29. Qa6 Qc7 30. Qc4 h6 31. Ne6 Rxe6 32. Qxe6 hxg5 33. Rf3 g4 34. Rf1
Bxb2 35. Ne7 Re8 36. Ng6+ Kh7 37. Qf5 Kg8 38. Qg5 Qd7 39. Qh4 Qd3 40. Rg1 Qxe4
41. Qh8+ Kf7 42. Qh4 Qxg6 43. Rf1 Kg8 44. Qg3 Qh5+ 45. Kg1 Bd4+ 0-1

[Event "European Blitz 2022"]
[Site "Katowice POL"]
[Date "2022.12.16"]
[Round "5.82"]
[White "Gaehwiler, Gabriel"]
[Black "Janeczko, Jakub"]
[Result "1-0"]
[WhiteTitle "IM"]
[WhiteElo "2408"]
[BlackElo "2247"]
[WhiteFideId "1314530"]
[BlackFideId "21871655"]
[EventDate "2022.12.16"]

1. d4 Nf6 2. c4 g6 3. g3 Bg7 4. Bg2 O-O 5. Nf3 d6 6. b3 e5 7. Bb2 e4 8. Nfd2 e3
9. fxe3 Ng4 10. Nf1 Qg5 11. Nc3 Nc6 12. Nd5 Be6 13. Nf4 h5 14. Qd2 a5 15. d5 a4
16. dxe6 axb3 17. Bxg7 Kxg7 18. h3 Qe5 19. hxg4 Qxa1+ 20. Kf2 b2 21. Be4 b1=Q
22. Bxb1 Qxb1 23. gxh5 Ne5 24. hxg6 fxg6 25. e7 Rf7 26. Kg2 Qe4+ 27. Kg1 Rxe7
28. Rh4 Qf5 29. e4 Qf6 30. Nd5 Qe6 31. Qh6+ Kf7 32. Rf4+ Ke8 33. Qh8+ Kd7 34.
Qxa8 g5 35. Rf6 Qh3 36. Qxb7 Ke8 37. Qb8+ Kd7 38. Qxc7+ 1-0

[Event "European Blitz 2022"]
[Site "Katowice POL"]
[Date "2022.12.16"]
[Round "5.84"]
[White "Bergsson, Stefan"]
[Black "Manik, Mikulas"]
[Result "0-1"]
[BlackTitle "GM"]
[WhiteElo "2172"]
[BlackElo "2359"]
[WhiteFideId "2301393"]
[BlackFideId "14900734"]
[EventDate "2022.12.16"]

1. d4 Nf6 2. c4 d6 3. Nc3 e5 4. e3 Nbd7 5. Bd3 g6 6. Nge2 Bg7 7. O-O O-O 8. b4
Re8 9. a4 c6 10. a5 Nf8 11. h3 e4 12. Bc2 d5 13. b5 Ne6 14. a6 h5 15. axb7 Bxb7
16. bxc6 Bxc6 17. Ba4 Bxa4 18. Rxa4 dxc4 19. d5 Ng5 20. Nf4 Nd7 21. Rxc4 Ne5 22.
Rxe4 Nxe4 23. Nxe4 Rc8 24. d6 Nc4 25. Nxh5 Rxe4 26. Nxg7 Kxg7 27. Qd5 Nxd6 28.
Bb2+ Kg8 29. f3 Rb4 30. Ba1 Nc4 31. Qe4 a5 32. Qg4 Nd2 33. Qf4 Nxf1 34. Qh6 f6
35. Qxg6+ Kf8 36. Bxf6 Qd7 37. Qh6+ Kf7 38. Qg7+ Ke6 39. Qg6 Qf7 40. Qh6 Qxf6 0-1

[Event "European Blitz 2022"]
[Site "Katowice POL"]
[Date "2022.12.16"]
[Round "5.85"]
[White "Paehtz, Elisabeth"]
[Black "Rozman, Monika"]
[Result "1-0"]
[WhiteTitle "GM"]
[BlackTitle "WFM"]
[WhiteElo "2464"]
[BlackElo "2125"]
[WhiteFideId "4641833"]
[BlackFideId "14609118"]
[EventDate "2022.12.16"]

1. d4 d5 2. Bf4 Nf6 3. e3 Bf5 4. Nf3 c6 5. c4 e6 6. Nc3 Bd6 7. Qb3 Bxf4 8. exf4
Qc7 9. c5 Nbd7 10. Ne5 O-O 11. Be2 b6 12. cxb6 axb6 13. Rc1 c5 14. O-O c4 15.
Qb4 Ra5 16. a3 Nb8 17. Nb5 Qd8 18. a4 Ne4 19. f3 Na6 20. Qa3 Nd2 21. Nc6 Qf6 22.
Ne7+ Kh8 23. Nxf5 Nxf1 24. Qxf8# 1-0

[Event "European Blitz 2022"]
[Site "Katowice POL"]
[Date "2022.12.16"]
[Round "5.86"]
[White "Asllani, Muhamet"]
[Black "Kushnir, Oleg"]
[Result "1-0"]
[WhiteElo "2228"]
[BlackElo "1554"]
[WhiteFideId "22100300"]
[BlackFideId "148062099"]
[EventDate "2022.12.16"]

1. e4 c6 2. d4 d5 3. Nd2 dxe4 4. Nxe4 Nf6 5. Ng3 e6 6. Nf3 Nbd7 7. Bf4 Be7 8.
Bd3 O-O 9. O-O Re8 10. Re1 Nf8 11. c3 Ng6 12. Bg5 Qc7 13. Qc2 b6 14. Ne5 Bb7 15.
Rad1 c5 16. Qa4 a6 17. Bxg6 hxg6 18. Rd2 b5 19. Qc2 cxd4 20. Rxd4 Rad8 21. Rh4
b4 22. h3 bxc3 23. bxc3 Bd6 24. Nxg6 fxg6 25. Bxf6 Bxg3 26. Bxd8 Bxf2+ 27. Qxf2
Qxd8 28. Qg3 Qf6 29. Rg4 Rc8 30. Rxg6 Qxc3 31. Qxc3 Rxc3 32. Rgxe6 Rc2 33. R6e2
Rc5 34. Rb1 Bc6 35. Rb8+ Kh7 36. Rc8 Bb5 37. Rxc5 Bxe2 38. Kf2 Bd3 39. Ke3 Bf1
40. Rg5 Kh6 41. h4 Bc4 42. a4 g6 43. a5 Bf1 44. g3 Bc4 45. Kd4 Be2 46. Kc5 1-0

[Event "European Blitz 2022"]
[Site "Katowice POL"]
[Date "2022.12.16"]
[Round "5.87"]
[White "Uruci, Endrit"]
[Black "Zamekhovskiy, Yevgen"]
[Result "0-1"]
[WhiteTitle "FM"]
[WhiteElo "2297"]
[BlackElo "2095"]
[WhiteFideId "22100199"]
[BlackFideId "14174413"]
[EventDate "2022.12.16"]

1. e4 c6 2. Nc3 d5 3. Nf3 Bg4 4. h3 Bh5 5. d3 Nf6 6. Bf4 e6 7. Be2 Bb4 8. exd5
cxd5 9. O-O O-O 10. Ne5 Bxe2 11. Nxe2 Bd6 12. d4 Nc6 13. Nd3 Bxf4 14. Ndxf4 Qb6
15. Qd3 Rad8 16. a4 e5 17. dxe5 Nxe5 18. Qd4 Qxd4 19. Nxd4 Nc4 20. b3 Nd6 21. f3
Rfe8 22. Rfe1 a6 23. Kf2 g6 24. h4 h5 25. Rad1 Kg7 26. g3 Rc8 27. Rd2 Kf8 28.
Red1 Rc5 29. Nd3 Rc3 30. Ne2 Rcc8 31. Nef4 Nde4+ 32. fxe4 dxe4 33. Kg2 exd3 34.
Nxd3 Ng4 35. Re1 0-1

[Event "European Blitz 2022"]
[Site "Katowice POL"]
[Date "2022.12.16"]
[Round "5.88"]
[White "Jarmula, Lukasz"]
[Black "Pacl, Vaclav"]
[Result "1-0"]
[WhiteTitle "GM"]
[BlackTitle "FM"]
[WhiteElo "2469"]
[BlackElo "2015"]
[WhiteFideId "1160664"]
[BlackFideId "302031"]
[EventDate "2022.12.16"]

1. e4 d6 2. d4 Nf6 3. Bd3 e5 4. Nf3 Nc6 5. d5 Ne7 6. c4 Ng6 7. Nc3 Be7 8. h4 Nh5
9. g3 Bg4 10. Be2 Qd7 11. Nd2 Bxe2 12. Qxe2 Nf6 13. h5 Nf8 14. h6 g6 15. Nf3 c6
16. Bd2 cxd5 17. cxd5 Rc8 18. Kf1 a6 19. a4 Qd8 20. a5 N8d7 21. Kg2 Nc5 22. Ra3
b5 23. axb6 Qxb6 24. Be3 Nfd7 25. Na4 Qb5 26. Qxb5 axb5 27. Nxc5 Nxc5 28. Bxc5
Rxc5 29. Ra8+ Bd8 30. Rb8 O-O 31. Ra1 f5 32. Raa8 fxe4 33. Ng5 e3 34. Rxd8 1-0

[Event "European Blitz 2022"]
[Site "Katowice POL"]
[Date "2022.12.16"]
[Round "5.89"]
[White "Caprino, Marco"]
[Black "Karolczuk, Iwo"]
[Result "1-0"]
[BlackTitle "FM"]
[WhiteElo "2074"]
[BlackElo "2327"]
[WhiteFideId "841323"]
[BlackFideId "21816972"]
[EventDate "2022.12.16"]

1. e4 c5 2. Nc3 d6 3. f4 g6 4. Nf3 Bg7 5. Bb5+ Nc6 6. O-O Bd7 7. Bc4 e6 8. d3
Nge7 9. f5 gxf5 10. Ng5 Ne5 11. Qh5 Qb6 12. Bxe6 O-O-O 13. Bxd7+ Rxd7 14. Nxf7
Nxf7 15. Qxf7 Bd4+ 16. Kh1 fxe4 17. Nxe4 Ng6 18. Qe6 Kc7 19. Bg5 d5 20. Qxb6+
Kxb6 21. Nf6 Rd6 22. Ng4 h5 23. Ne3 Kc6 24. c3 Be5 25. Nf5 Re6 26. d4 cxd4 27.
cxd4 Bc7 28. Rac1+ Kb6 29. Ne3 Bd6 30. Nxd5+ Ka5 31. Bd2+ Ka6 32. Rf6 Rxf6 33.
Nxf6 Rf8 34. Ne4 Be7 35. Nc5+ Kb5 36. a4+ Kc6 37. Ne6+ Kd5 38. Nxf8 Bxf8 39. Rc7
Kxd4 40. Bc3+ Ke4 41. Rxb7 Bc5 42. Rb5 Bf2 43. Rxh5 Nf4 44. Rh8 Kd3 45. Rf8 Be3
46. Rd8+ Ke2 47. b4 Nd3 48. Rxd3 Kxd3 49. Be1 Ke2 50. Bg3 Kd3 51. Bd6 Kc4 1-0

[Event "European Blitz 2022"]
[Site "Katowice POL"]
[Date "2022.12.16"]
[Round "5.90"]
[White "Drozdowski, Konrad"]
[Black "Arkell, Keith C"]
[Result "0-1"]
[BlackTitle "GM"]
[WhiteElo "2104"]
[BlackElo "2406"]
[WhiteFideId "1106279"]
[BlackFideId "400270"]
[EventDate "2022.12.16"]

1. e4 c6 2. Nc3 d5 3. Qf3 dxe4 4. Nxe4 Nd7 5. d4 Ndf6 6. Nxf6+ Nxf6 7. c3 Bg4 8.
Qg3 e6 9. h3 Bh5 10. Be2 Bxe2 11. Nxe2 g6 12. O-O Bg7 13. Bg5 Ne4 14. Bxd8 Nxg3
15. Nxg3 Rxd8 16. Ne4 Ke7 17. Rad1 Rd5 18. Nc5 b6 19. Nd3 Rhd8 20. b4 a5 21.
bxa5 Rxa5 22. Rb1 b5 23. Nb4 Kd7 24. Rfc1 Rda8 25. c4 Bxd4 26. c5 e5 27. Kf1 Kc7
28. f4 exf4 29. Rb3 Re8 30. Rd3 Re4 31. Rcd1 Bxc5 32. Rd7+ Kb6 33. Nd3 Be3 34.
Rxf7 Rxa2 0-1

[Event "European Blitz 2022"]
[Site "Katowice POL"]
[Date "2022.12.16"]
[Round "5.91"]
[White "Budzisz, Adrian"]
[Black "Diermair, Andreas"]
[Result "1-0"]
[BlackTitle "GM"]
[WhiteElo "2118"]
[BlackElo "2446"]
[WhiteFideId "21860238"]
[BlackFideId "1612468"]
[EventDate "2022.12.16"]

1. e4 e5 2. Nf3 Nc6 3. Bc4 Nf6 4. d3 Be7 5. c3 O-O 6. O-O d5 7. exd5 Nxd5 8. Re1
Bg4 9. h3 Bh5 10. Nbd2 Nb6 11. Bb5 Bd6 12. Bxc6 bxc6 13. Ne4 f5 14. Ng3 Bxf3 15.
Qxf3 Qd7 16. a4 a6 17. Bd2 e4 18. dxe4 Bxg3 19. Rad1 Bd6 20. e5 Be7 21. Bg5 Qe8
22. Bxe7 Qxe7 23. Qxc6 a5 24. Rd4 Rad8 25. Qb5 Rxd4 26. cxd4 Qb4 27. Qxb4 axb4
28. a5 Nd5 29. Rc1 Kf7 30. Rc6 Ra8 31. Rc5 Ke6 32. Kf1 Ra6 33. Ke2 c6 34. g3 g5
35. Kd3 h5 36. Kc4 Kd7 37. Kb3 Ra8 38. Ka4 Kc7 39. Rc2 Rh8 40. Re2 h4 41. e6 Ne7
42. Re5 hxg3 43. fxg3 Rxh3 44. a6 Kb6 45. a7 Kxa7 46. Kxb4 Rxg3 1-0

[Event "European Blitz 2022"]
[Site "Katowice POL"]
[Date "2022.12.16"]
[Round "5.92"]
[White "Morgunov, Marc"]
[Black "Shilov, Sergej"]
[Result "1-0"]
[WhiteTitle "FM"]
[BlackTitle "FM"]
[WhiteElo "2402"]
[BlackElo "2047"]
[WhiteFideId "1640305"]
[BlackFideId "14101505"]
[EventDate "2022.12.16"]

1. e4 d6 2. d4 a6 3. a4 Nf6 4. Nc3 g6 5. f4 Bg7 6. Nf3 O-O 7. Bd3 c5 8. dxc5 Qa5
9. cxd6 exd6 10. O-O Nc6 11. Kh1 b5 12. axb5 Qxa1 13. bxc6 Qa5 14. Be3 Bg4 15.
h3 Bxf3 16. Qxf3 Rab8 17. Nd5 Nxd5 18. exd5 Bxb2 19. f5 Be5 20. Bh6 Qc3 21. Bxf8
Rxf8 22. fxg6 hxg6 23. Bxg6 Qxf3 24. Rxf3 fxg6 25. Rxf8+ Kxf8 26. c7 1-0